Vojna v Iraku a trhy

Z obsahu: Pozornosť trhov postupne prechádza od vojny v Iraku k číslam. Akcie veľkých amerických zbrojoviek majú investičné odporúčanie nakupovať. Irak bude potrebovať peniaze z ropy viac ako ostatní. Primárnym problémom amerického dolára nie je vojna.

Gespeichert in:
Bibliographische Detailangaben
1. Verfasser: Kyselý, Ľubor
Weitere Verfasser: Debnár, Milan
Format: Buchkapitel
Sprache:Slowakisch
Schlagworte:
Tags: Tag hinzufügen
Keine Tags, Fügen Sie das erste Tag hinzu!

MARC

LEADER 00000naa a2200000 4500
001 r048595
005 20230921114604.6
041 0 |a slo 
044 |a SK 
245 1 0 |a Vojna v Iraku a trhy  |c Ľubor Kyselý, Milan Debnár 
520 |a Z obsahu: Pozornosť trhov postupne prechádza od vojny v Iraku k číslam. Akcie veľkých amerických zbrojoviek majú investičné odporúčanie nakupovať. Irak bude potrebovať peniaze z ropy viac ako ostatní. Primárnym problémom amerického dolára nie je vojna. 
610 2 0 |a vojny 
610 2 0 |a Irak 
610 2 0 |a USA 
610 2 0 |a trhy 
610 2 0 |a zbrane 
610 2 0 |a investície 
610 2 0 |a ropa 
100 1 |a Kyselý, Ľubor 
700 1 |a Debnár, Milan